000 00773nam a2200229 i 4500
001 44846
003 ES-MaACL
005 20250809035213.0
007 t|
008 030324s1915 sp ||||1| spa d
080 _a343(460)"1870"(094.4)
110 1 _aEspaña.
_tCódigo penal, 1870.
_9152867
240 1 0 _aCódigo penal, 1870
245 1 0 _aCódigo penal de 17 de junio de 1870 :
_badicionado con disposiciones penales complementarias /
_cpor Enrique Langle Rubio.
260 _aMadrid :
_b[s.n.],
_c1915 (
_fRamona Velasco)
300 _a906 p. ;
_c17 cm.
610 1 4 _aEspaña.
_tCódigo penal, 1870.
_9152867
650 4 _aDerecho penal-
_zEspaña
_911752
700 1 _aLangle, Emilio.
_970057
852 4 _aES-MaACL
_jG-15335
999 _c44846
_d44846